[Event "4NCL 2012-13"]
[Site "Hinckley ENG"]
[Date "2013.05.06"]
[Round "11.131"]
[White "Adair, James R"]
[Black "Parker, Jonathan F"]
[Result "1/2-1/2"]
[WhiteTitle "FM"]
[BlackTitle "GM"]
[WhiteElo "2297"]
[BlackElo "2525"]
[WhiteTeam "White Rose"]
[BlackTeam "Barbican 4NCL"]
[WhiteFideId "406252"]
[BlackFideId "400580"]
[EventDate "2012.11.03"]

1. e4 e5 2. Nf3 Nc6 3. Bb5 a6 4. Ba4 Nge7 5. c3 g6 6. d4 exd4 7. cxd4 Bg7 8. O-O
O-O 9. d5 Na5 10. Nbd2 d6 11. Rb1 c5 12. b4 cxb4 13. Rxb4 b5 14. Bc2 Bd7 15. Bb2
Rc8 16. Bxg7 Kxg7 17. a4 Nb7 18. axb5 Bxb5 19. Qa1+ Kg8 20. Rc1 Nc5 1/2-1/2

[Event "4NCL 2012-13"]
[Site "Hinckley ENG"]
[Date "2013.05.06"]
[Round "11.132"]
[White "Collins, Sam E."]
[Black "Wells, Peter K"]
[Result "1-0"]
[WhiteTitle "IM"]
[BlackTitle "GM"]
[WhiteElo "2471"]
[BlackElo "2488"]
[WhiteTeam "Barbican 4NCL"]
[BlackTeam "White Rose"]
[WhiteFideId "2501198"]
[BlackFideId "400327"]
[EventDate "2012.11.03"]

1. e4 c5 2. c3 Nf6 3. e5 Nd5 4. Nf3 Nc6 5. Bc4 Nb6 6. Bb3 c4 7. Bc2 Qc7 8. Qe2
g5 9. Na3 g4 10. Nb5 Qb8 11. Nh4 Nxe5 12. O-O d6 13. b3 Bg7 14. bxc4 Be6 15. Nf5
Bf6 16. Ne3 h5 17. Bb3 a6 18. Nd4 Bd7 19. a4 e6 20. a5 Nc8 21. f4 Nc6 22. Ndc2
N8e7 23. f5 e5 24. c5 dxc5 25. Qc4 Nd8 26. Qxc5 Qc8 27. Qd6 Qc6 28. Qa3 Qc7 29.
Nb4 Bc6 30. Nc4 O-O 31. d3 e4 32. Bf4 Qd7 1-0

[Event "4NCL 2012-13"]
[Site "Hinckley ENG"]
[Date "2013.05.06"]
[Round "11.133"]
[White "McNab, Colin A"]
[Black "Turner, Matthew J"]
[Result "1/2-1/2"]
[WhiteTitle "GM"]
[BlackTitle "GM"]
[WhiteElo "2455"]
[BlackElo "2504"]
[WhiteTeam "White Rose"]
[BlackTeam "Barbican 4NCL"]
[WhiteFideId "2400030"]
[BlackFideId "402893"]
[EventDate "2012.11.03"]

1. c4 Nf6 2. g3 g6 3. Bg2 Bg7 4. Nc3 O-O 5. e4 e5 6. Nge2 d6 7. d3 c6 8. O-O Be6
9. h3 Qd7 10. Kh2 d5 11. exd5 cxd5 12. d4 exd4 13. Nxd4 dxc4 14. Nxe6 fxe6 15.
Qe2 Nc6 16. Qxc4 Ne5 17. Qe2 Qd3 18. Bf4 Nh5 19. Bxe5 Qxe2 20. Nxe2 1/2-1/2

[Event "4NCL 2012-13"]
[Site "Hinckley ENG"]
[Date "2013.05.06"]
[Round "11.135"]
[White "Van De Griendt, Jan Willem"]
[Black "Griffiths, Ryan Rhys"]
[Result "1/2-1/2"]
[WhiteTitle "FM"]
[BlackTitle "FM"]
[WhiteElo "2323"]
[BlackElo "2353"]
[WhiteTeam "White Rose"]
[BlackTeam "Barbican 4NCL"]
[WhiteFideId "1002112"]
[BlackFideId "2502054"]
[EventDate "2012.11.03"]

1. d4 Nf6 2. c4 g6 3. Nc3 d5 4. Bf4 Bg7 5. Rc1 Nh5 6. Bg5 h6 7. Bd2 c5 8. cxd5
cxd4 9. Nb5 Na6 10. Qb3 O-O 11. Nf3 Nf6 12. Nbxd4 Nxd5 13. e4 Nf6 14. Bxa6 Nxe4
15. Nb5 Nxd2 16. Nxd2 Be6 17. Qd1 Bd5 18. O-O bxa6 19. Nc7 Rc8 20. Nxd5 Qxd5 21.
Nc4 Bd4 22. b3 e5 23. Qe2 a5 24. Qd2 a4 25. Qxh6 axb3 26. axb3 Rb8 27. Qh3 Kg7
28. Rfd1 Rh8 29. Qd3 Rh4 30. h3 Rf4 31. Rc2 Rd8 32. Ne3 Qe6 33. Re1 Bb6 34. Qc3
Bd4 35. Qc7 Rd7 36. Qc4 Qb6 37. Qc6 Bxe3 38. fxe3 Qxc6 39. Rxc6 Rb4 40. Rc3 Rdb7
41. Ra1 Rxb3 42. Rxb3 Rxb3 43. Kf2 Rb7 44. Ra6 Kh6 45. g4 Kg7 46. Kf3 f5 47.
gxf5 gxf5 48. Re6 Rb5 49. Ra6 Rb3 50. Re6 Rb5 51. Ra6 Rb1 52. h4 Rb4 53. Rxa7+
Kg6 54. Ra6+ Kg7 55. Ra7+ Kf6 56. Ra6+ Ke7 57. Ra7+ Ke6 58. Ra6+ Kf7 59. Ra7+
Kg6 60. Ra6+ Kf7 1/2-1/2

[Event "4NCL 2012-13"]
[Site "Hinckley ENG"]
[Date "2013.05.06"]
[Round "11.136"]
[White "D'Costa, Lorin A R"]
[Black "Croad, Nicolas"]
[Result "1/2-1/2"]
[WhiteTitle "IM"]
[BlackTitle "FM"]
[WhiteElo "2426"]
[BlackElo "2282"]
[WhiteTeam "Barbican 4NCL"]
[BlackTeam "White Rose"]
[WhiteFideId "409219"]
[BlackFideId "4300793"]
[EventDate "2012.11.03"]

1. d4 Nf6 2. c4 e6 3. Nf3 d5 4. Nc3 Be7 5. Bg5 h6 6. Bh4 O-O 7. e3 Ne4 8. Bxe7
Qxe7 9. Rc1 c6 10. Bd3 Nxc3 11. Rxc3 dxc4 12. Bxc4 b6 13. O-O Nd7 14. Bd3 c5 15.
Be4 Rb8 16. Qc2 Nf6 17. dxc5 Nxe4 18. Qxe4 bxc5 19. Qc2 Ba6 20. Rc1 1/2-1/2

[Event "4NCL 2012-13"]
[Site "Hinckley ENG"]
[Date "2013.05.06"]
[Round "11.137"]
[White "Buckley, Simon T"]
[Black "Franklin, Samuel G A"]
[Result "1/2-1/2"]
[BlackTitle "FM"]
[WhiteElo "2349"]
[BlackElo "2322"]
[WhiteTeam "White Rose"]
[BlackTeam "Barbican 4NCL"]
[WhiteFideId "407410"]
[BlackFideId "468576"]
[EventDate "2012.11.03"]

1. c4 Nf6 2. g3 g6 3. Bg2 Bg7 4. Nc3 O-O 5. e4 c5 6. Nge2 Nc6 7. d3 Rb8 8. Rb1
d6 9. a3 a5 10. O-O Bd7 11. h3 Ne8 12. Be3 Nc7 13. d4 cxd4 14. Nxd4 Nxd4 15.
Bxd4 Bxd4 16. Qxd4 b5 17. cxb5 Nxb5 18. Nxb5 Rxb5 19. Qd1 1/2-1/2

[Event "4NCL 2012-13"]
[Site "Hinckley ENG"]
[Date "2013.05.06"]
[Round "11.138"]
[White "Lauterbach, Ingrid"]
[Black "Olsarova, Tereza"]
[Result "1-0"]
[WhiteTitle "WIM"]
[BlackTitle "WIM"]
[WhiteElo "2143"]
[BlackElo "2267"]
[WhiteTeam "Barbican 4NCL"]
[BlackTeam "White Rose"]
[WhiteFideId "405221"]
[BlackFideId "325449"]
[EventDate "2012.11.03"]

1. c4 e5 2. Nc3 Nf6 3. Nf3 Nc6 4. e3 Bb4 5. Nd5 e4 6. Nxb4 Nxb4 7. Ne5 O-O 8. a3
Na6 9. Ng4 Nxg4 10. Qxg4 d5 11. Qf4 Nc5 12. b4 Nb3 13. Rb1 Nxc1 14. Rxc1 c6 15.
cxd5 cxd5 16. d4 a5 17. Be2 axb4 18. axb4 Ra2 19. Bg4 Bxg4 20. Qxg4 Qb6 21. O-O
Qxb4 22. Qd7 Qb3 23. Rb1 Qc4 24. Rxb7 Rc2 25. h3 h6 26. Rb5 Ra8 27. Rbb1 Rc8 28.
Qb5 Rd2 29. Qb4 Ra2 30. Qb3 Rd2 31. Qa3 Ra2 32. Qd6 Rd2 33. Rb8 Rxb8 34. Qxb8+
Kh7 35. Qf4 Kg6 36. h4 f6 37. Qg4+ Kh7 38. Qf5+ 1-0

[Event "4NCL 2012-13"]
[Site "Hinckley ENG"]
[Date "2013.05.06"]
[Round "11.141"]
[White "Ziska, Helgi Dam"]
[Black "Moskovic, David M"]
[Result "1-0"]
[WhiteTitle "IM"]
[BlackTitle "FM"]
[WhiteElo "2474"]
[BlackElo "2342"]
[WhiteTeam "Jutes of Kent"]
[BlackTeam "Cambridge University"]
[WhiteFideId "7200595"]
[BlackFideId "404535"]
[EventDate "2012.11.03"]

1. e4 c5 2. Nf3 e6 3. d3 Nc6 4. g3 g6 5. Bg5 f6 6. Bd2 d5 7. Bg2 Bg7 8. Nc3 Nge7
9. O-O O-O 10. a3 a5 11. a4 d4 12. Nb5 e5 13. Nh4 g5 14. Nf5 Nxf5 15. exf5 Bxf5
16. f4 gxf4 17. gxf4 Qd7 18. Qf3 Be6 19. f5 Bf7 20. Qg4 Nb4 21. c3 Nxd3 22. Rf3
h5 23. Qh4 Nf4 24. Bxf4 exf4 25. cxd4 Qxf5 26. Rxf4 Qg5 27. dxc5 Bh6 28. Qxg5+
Bxg5 29. Rf5 Be3+ 30. Kh1 Bg6 31. Rf3 Bxc5 32. Nc7 Rac8 33. Ne6 Rf7 34. Rc1 b6
35. Rg3 Kh7 36. Nf4 Bf5 37. Nxh5 Kh6 38. Rf1 Bd7 39. Nxf6 Rcf8 40. Rgf3 Kg7 41.
Nh5+ Kg6 42. Rxf7 Rxf7 43. Be4+ Kxh5 44. Rxf7 Bxa4 45. Rg7 Bd1 46. Kg2 a4 47.
Bf3+ Kh6 48. Rg4 Bb3 49. Bc6 Bd1 50. Re4 Bc2 51. Re6+ Kg7 52. Re2 Bb3 53. Re4
Kf6 54. h3 b5 55. Rh4 b4 56. Rh5 Bd6 57. Ra5 a3 58. bxa3 bxa3 59. Bd5 Bd1 60. h4
Bb4 61. Ra6+ Ke5 62. Bf7 Kd4 63. h5 Bc2 64. Bg6 Bxg6 65. hxg6 Bf8 66. Rxa3 Ke5
67. Rf3 Bh6 68. Kh3 1-0

[Event "4NCL 2012-13"]
[Site "Hinckley ENG"]
[Date "2013.05.06"]
[Round "11.142"]
[White "Dearing, Eddie"]
[Black "Williams, Simon K"]
[Result "1-0"]
[WhiteTitle "IM"]
[BlackTitle "GM"]
[WhiteElo "2418"]
[BlackElo "2511"]
[WhiteTeam "Cambridge University"]
[BlackTeam "Jutes of Kent"]
[WhiteFideId "2400731"]
[BlackFideId "404454"]
[EventDate "2012.11.03"]

1. d4 Nf6 2. c4 c5 3. d5 e5 4. Nc3 d6 5. e4 Nbd7 6. Be2 Be7 7. Nf3 Nf8 8. Rb1
Ng6 9. b4 cxb4 10. Rxb4 O-O 11. O-O b6 12. Ne1 Nd7 13. Nd3 Nc5 14. Nxc5 bxc5 15.
Rb3 Nf4 16. Bg4 Ba6 17. Nb5 Bxb5 18. Rxb5 Rb8 19. g3 Rxb5 20. cxb5 Ng6 21. Qa4
Qb6 22. Bd2 Rb8 23. Be2 Bd8 24. Qc4 Qb7 25. a4 Qd7 26. Kg2 h6 27. h4 Nf8 28. Bc3
Nh7 29. Ra1 f5 30. exf5 Qxf5 31. Bg4 Qg6 32. a5 Nf6 33. Be6+ Kh8 34. b6 axb6 35.
a6 Ra8 36. a7 Qe8 37. Qa6 Bc7 38. Qb7 Qd8 39. Ra4 Qe8 40. g4 Qd8 41. g5 hxg5 42.
hxg5 Nh5 43. Bd2 b5 44. Qxb5 Bb6 45. Ra6 Bxa7 46. Qb7 Nf4+ 47. Bxf4 exf4 48. Ra1
f3+ 49. Kxf3 Qf8+ 50. Kg4 Kh7 51. Rh1+ Kg6 52. Qb1+ 1-0

[Event "4NCL 2012-13"]
[Site "Hinckley ENG"]
[Date "2013.05.06"]
[Round "11.144"]
[White "Churm, Rohan M"]
[Black "Dickenson, Neil F"]
[Result "1/2-1/2"]
[BlackTitle "FM"]
[WhiteElo "2169"]
[BlackElo "2298"]
[WhiteTeam "Cambridge University"]
[BlackTeam "Jutes of Kent"]
[WhiteFideId "405566"]
[BlackFideId "401897"]
[EventDate "2012.11.03"]

1. e4 e6 2. d4 d5 3. Nc3 Bb4 4. Bd3 dxe4 5. Bxe4 Nf6 6. Bf3 O-O 7. a3 Be7 8. Bg5
Nbd7 9. Nge2 e5 10. O-O c6 11. Re1 h6 12. Be3 exd4 13. Nxd4 Ne5 14. h3 Nc4 15.
Bc1 Bc5 16. Nb3 Qxd1 17. Nxd1 Bb6 18. Nd2 Nd6 19. Ne3 Re8 20. Ndf1 Nf5 21. Bd2
Nd4 22. Bd1 Be6 23. Bc3 Ne4 24. Bxd4 Bxd4 25. c3 Bb6 26. Bc2 Nf6 27. Rad1 g6 28.
Nd2 Rad8 29. Nf3 Kg7 30. Rxd8 Rxd8 31. Rd1 Rxd1+ 32. Bxd1 Ne8 33. Nd4 Bd7 34.
Kf1 f5 35. Bb3 Kf6 36. Ke2 Bc7 37. Ba2 Nd6 38. Bb3 Ne4 39. Bc2 Nd6 40. Bb3 Nf7
41. Ba2 Ne5 42. Nf3 b5 43. Nxe5 Bxe5 44. Nc2 f4 45. f3 c5 46. Bd5 Bc7 47. Ne1 c4
48. Be4 Bb6 49. Bb7 Ke5 50. Nc2 a5 51. Kd2 g5 52. Be4 Bc5 53. Bg6 Bc6 54. Bh7 h5
55. Bg6 g4 56. hxg4 hxg4 57. Bh5 g3 58. Bg4 Bb6 59. Bh3 Be8 60. Bg4 Bf2 61. Bh3
Bh5 62. Ke2 Bg6 63. Ne1 Kd5 64. Bd7 Kc5 65. Kd2 b4 66. axb4+ axb4 67. Nc2 bxc3+
68. bxc3 Bd3 69. Be6 Kd6 70. Bc8 Bc5 71. Bg4 Ke5 72. Bd7 Bg6 73. Bg4 Bf7 74. Bh3
Bd5 75. Bg4 Kd6 76. Kc1 Kc6 77. Kb2 Kb6 78. Bh3 Ka5 79. Bg4 1/2-1/2

[Event "4NCL 2012-13"]
[Site "Hinckley ENG"]
[Date "2013.05.06"]
[Round "11.145"]
[White "Stebbings, Anthony J"]
[Black "Spencer, Carl J"]
[Result "1-0"]
[WhiteElo "2265"]
[BlackElo "2205"]
[WhiteTeam "Jutes of Kent"]
[BlackTeam "Cambridge University"]
[WhiteFideId "402427"]
[BlackFideId "412171"]
[EventDate "2012.11.03"]

1. e4 e6 2. d4 d5 3. Nd2 Nf6 4. e5 Nfd7 5. f4 c5 6. c3 Nc6 7. Ndf3 Qb6 8. g3 Be7
9. Bh3 O-O 10. Kf1 cxd4 11. cxd4 f6 12. Kg2 Kh8 13. Ne2 fxe5 14. fxe5 Ndxe5 15.
dxe5 Nxe5 16. Ned4 Nxf3 17. Nxf3 e5 18. Qxd5 Bxh3+ 19. Kxh3 Qf2 20. Qxb7 Rae8
21. Bd2 Rxf3 22. Rhf1 Qxf1+ 23. Rxf1 Rxf1 24. Bc3 Rff8 25. Bxe5 Bf6 26. Bxf6
Rxf6 27. Qxa7 Rh6+ 28. Kg2 Re2+ 29. Kf3 Rhe6 30. b4 h6 31. b5 Rb2 32. a4 Rb3+
33. Kf4 Kh7 34. Qc5 Rf6+ 35. Kg4 Rg6+ 36. Kh3 Rb2 37. Qf5 h5 38. a5 Kh6 39. a6
Ra2 40. Qd5 Ra5 41. Qd2+ 1-0

[Event "4NCL 2012-13"]
[Site "Hinckley ENG"]
[Date "2013.05.06"]
[Round "11.146"]
[White "Makarov, Alexander"]
[Black "Kirk, Ezra"]
[Result "0-1"]
[WhiteElo "2180"]
[BlackElo "2258"]
[WhiteTeam "Cambridge University"]
[BlackTeam "Jutes of Kent"]
[WhiteFideId "34100749"]
[BlackFideId "600067"]
[EventDate "2012.11.03"]

1. e4 c5 2. Nc3 Nc6 3. g3 g6 4. Bg2 Bg7 5. d3 d6 6. Be3 e6 7. Qd2 Rb8 8. Nge2
Nd4 9. O-O Ne7 10. Rae1 Qa5 11. Nc1 b5 12. f3 Bd7 13. Qf2 O-O 14. Nb3 Qb6 15.
Nd1 b4 16. Kh1 a5 17. g4 a4 18. Nd2 Qa6 19. Nc4 Bb5 20. c3 bxc3 21. bxc3 Bxc4
22. dxc4 Ndc6 23. Rg1 f5 24. gxf5 exf5 25. Qd2 fxe4 26. Qxd6 exf3 27. Bh3 Kh8
28. Qxc5 Nf5 29. Bf2 Na5 30. Re5 Nb7 31. Qd5 Rbd8 32. Qb5 Qxb5 33. Rxb5 Nbd6 34.
Ra5 Ne4 35. Bxf5 Rxf5 36. Rxf5 gxf5 37. Be3 Be5 38. Rf1 Nd2 39. Re1 Nxc4 40. Bg1
Rd2 41. a3 Re2 42. Bf2 Nxa3 43. Rxe2 fxe2 44. Nb2 Bxc3 45. Nxa4 e1=Q+ 46. Bxe1
Bxe1 47. Nc5 Kg7 48. Ne6+ Kf6 49. Nd4 Bc3 50. Nf3 Nc4 51. Kg2 Ne5 52. Ng1 f4 53.
Kf1 Kf5 54. Ne2 Bb2 55. Ke1 Nf3+ 56. Kf2 Nxh2 57. Kg1 Nf3+ 58. Kg2 Nd4 59. Ng1
Kg4 60. Nh3 f3+ 61. Kh2 Ba3 62. Nf2+ Kf4 0-1

[Event "4NCL 2012-13"]
[Site "Hinckley ENG"]
[Date "2013.05.06"]
[Round "11.148"]
[White "Pickard, Charles"]
[Black "Van Weersel, Arlette"]
[Result "1/2-1/2"]
[BlackTitle "WIM"]
[WhiteElo "2126"]
[BlackElo "2168"]
[WhiteTeam "Cambridge University"]
[BlackTeam "Jutes of Kent"]
[WhiteFideId "470880"]
[BlackFideId "1009877"]
[EventDate "2012.11.03"]

1. c4 Nf6 2. Nf3 g6 3. Nc3 d5 4. cxd5 Nxd5 5. Qa4+ c6 6. d3 Nxc3 7. bxc3 Bg7 8.
Bd2 Nd7 9. e4 Nc5 10. Qc2 Bg4 11. Rb1 b6 12. d4 Nb7 13. Be2 O-O 14. h3 Bc8 15.
Bf4 Nd6 16. Rd1 Bb7 17. e5 Ne8 18. h4 Qc8 19. h5 c5 20. d5 Nc7 21. c4 b5 22. Ng5
h6 23. Nf3 Qf5 24. Qxf5 gxf5 25. e6 Rac8 26. exf7+ Kxf7 27. Ne5+ Kg8 28. Nd7 Rf7
29. Ne5 Rff8 30. Nd7 Rf7 31. Ne5 1/2-1/2

[Event "4NCL 2012-13"]
[Site "Hinckley ENG"]
[Date "2013.05.06"]
[Round "11.151"]
[White "Zhou, Yang-Fan"]
[Black "Baburin, Alexander"]
[Result "1-0"]
[WhiteTitle "IM"]
[BlackTitle "GM"]
[WhiteElo "2418"]
[BlackElo "2534"]
[WhiteTeam "Guildford"]
[BlackTeam "Wood Green, Hilsmark Kingfisher"]
[WhiteFideId "468584"]
[BlackFideId "2500914"]
[EventDate "2012.11.03"]

1. e4 Nf6 2. e5 Nd5 3. d4 d6 4. c4 Nb6 5. f4 Bf5 6. Nc3 e6 7. Nf3 dxe5 8. fxe5
Bb4 9. Bd3 c5 10. Bxf5 exf5 11. d5 Nxc4 12. O-O O-O 13. Qd3 Nb6 14. Bg5 Qd7 15.
Rad1 c4 16. Qd2 Re8 17. a3 Bf8 18. Qf4 Na6 19. Nh4 g6 20. Bf6 Nc5 21. Qg5 Nd3
22. Nxf5 Nxd5 23. Ne4 h5 24. Nfd6 b5 25. Nxe8 Rxe8 26. Rf3 a6 27. Rfxd3 cxd3 28.
Rxd3 Qc6 29. Qd2 Qc4 30. Rxd5 Qxe4 31. h3 Rc8 32. Rd8 Rxd8 33. Qxd8 Qb1+ 34. Kh2
Qxb2 35. e6 Qc1 36. e7 Qf4+ 37. Kg1 Qc1+ 38. Kh2 Qf4+ 39. Kg1 Qc1+ 40. Kf2 Qc2+
41. Kg3 1-0

[Event "4NCL 2012-13"]
[Site "Hinckley ENG"]
[Date "2013.05.06"]
[Round "11.152"]
[White "Emms, John M"]
[Black "Smerdon, David"]
[Result "0-1"]
[WhiteTitle "GM"]
[BlackTitle "GM"]
[WhiteElo "2483"]
[BlackElo "2498"]
[WhiteTeam "Wood Green, Hilsmark Kingfisher"]
[BlackTeam "Guildford"]
[WhiteFideId "400254"]
[BlackFideId "3202305"]
[EventDate "2012.11.03"]

1. e4 d5 2. exd5 Nf6 3. Nf3 Bg4 4. Bb5+ Nbd7 5. h3 Bh5 6. c4 e6 7. dxe6 fxe6 8.
d4 c6 9. Ba4 Nb6 10. Bb3 Bb4+ 11. Nc3 O-O 12. Be3 a5 13. a3 Bxc3+ 14. bxc3 a4
15. Ba2 Qe7 16. g4 Bg6 17. Ne5 Be4 18. f3 Nfd7 19. fxe4 Nxe5 20. dxe5 Qh4+ 21.
Ke2 Qg3 22. Rf1 Qg2+ 23. Rf2 Rxf2+ 24. Bxf2 Rf8 25. Qd4 Qf3+ 26. Ke1 Qh1+ 27.
Bg1 c5 28. Qe3 Rf3 29. Qxc5 Nd7 30. Qd4 Nxe5 31. c5 Rf8 32. Bxe6+ Kh8 33. Qe3
Qg2 34. Bf5 Nf3+ 35. Kd1 Rd8+ 36. Kc1 Rd2 37. Qxf3 Rc2+ 38. Kb1 Rb2+ 0-1

[Event "4NCL 2012-13"]
[Site "Hinckley ENG"]
[Date "2013.05.06"]
[Round "11.153"]
[White "Cherniaev, Alexander"]
[Black "Trent, Lawrence"]
[Result "1-0"]
[WhiteTitle "GM"]
[BlackTitle "IM"]
[WhiteElo "2460"]
[BlackElo "2429"]
[WhiteTeam "Guildford"]
[BlackTeam "Wood Green, Hilsmark Kingfisher"]
[WhiteFideId "4117301"]
[BlackFideId "408638"]
[EventDate "2012.11.03"]

1. d4 Nf6 2. Nf3 e6 3. c4 d5 4. g3 Bb4+ 5. Bd2 Be7 6. Bg2 O-O 7. O-O c6 8. Qc2
b6 9. Rd1 Nbd7 10. b3 Ba6 11. Nc3 b5 12. e4 b4 13. e5 bxc3 14. exf6 Bxf6 15.
Bxc3 Rc8 16. c5 Qc7 17. Re1 Rfe8 18. Bh3 Rcd8 19. Rad1 Re7 20. Qc1 g6 21. Bd2
Ree8 22. Qa3 Qb7 23. Bf4 Bg7 24. Qc1 Nf8 25. Qc2 Nd7 26. Qc1 Qb4 27. Bg5 Ra8 28.
Bh6 Bh8 29. Qf4 Qb8 30. Qd2 Bc8 31. Qa5 Qb7 32. Bf4 Qa6 33. Qd2 Qb7 34. Rb1 Nf6
35. Bf1 Ne4 36. Qc2 a5 37. Bd3 Nf6 38. Be5 Bg7 39. Nd2 Qd7 40. Bf1 Ba6 41. Bg2
Qd8 42. Nf3 Nd7 43. Bxg7 Kxg7 44. Re3 Qf6 45. Rbe1 Reb8 46. Qd2 Bc8 47. h4 h6
48. a3 Qd8 49. Qd1 Ra7 50. Bh3 Rab7 51. Bf1 Qf6 52. Ba6 Ra7 53. Bd3 Ba6 54. Bc2
Rh8 55. Nh2 g5 56. Qg4 Bc8 57. Nf3 e5 58. hxg5 hxg5 59. Nxg5 Qh6 60. Nh7+ 1-0

[Event "4NCL 2012-13"]
[Site "Hinckley ENG"]
[Date "2013.05.06"]
[Round "11.154"]
[White "Greet, Andrew N"]
[Black "Cuenca Jimenez, Jose Fernando"]
[Result "1/2-1/2"]
[WhiteTitle "IM"]
[BlackTitle "IM"]
[WhiteElo "2438"]
[BlackElo "2490"]
[WhiteTeam "Wood Green, Hilsmark Kingfisher"]
[BlackTeam "Guildford"]
[WhiteFideId "405817"]
[BlackFideId "2255570"]
[EventDate "2012.11.03"]

1. e4 e5 2. Nf3 Nc6 3. Bb5 Nd4 4. Nxd4 exd4 5. O-O c6 6. Bc4 Nf6 7. Re1 d6 8. c3
Ng4 9. h3 Ne5 10. d3 Nxc4 11. dxc4 dxc3 12. Nxc3 Be7 13. Bf4 O-O 14. Qe2 Qa5 15.
Rad1 Rd8 16. Rd3 Be6 17. b3 Bf6 18. Bd2 Qc7 19. Rd1 Re8 20. Bf4 Be5 21. Qd2 Qe7
22. Bxe5 dxe5 23. Rd6 h5 24. Qe3 h4 25. Na4 Bd5 26. c5 Be6 27. Nb2 Rac8 28. Nd3
Qf6 29. Ne1 Rc7 30. Nf3 Rce7 31. Qg5 Qxg5 32. Nxg5 f6 33. Nxe6 Rxe6 34. Rxe6
Rxe6 35. Rd7 b6 36. cxb6 axb6 37. a4 c5 38. Rb7 Rc6 39. f3 c4 40. bxc4 Rxc4 41.
Rxb6 Rxa4 42. Rb2 Kh7 43. g3 hxg3 44. Kg2 Ra1 45. Kxg3 Rg1+ 46. Kf2 Ra1 1/2-1/2

[Event "4NCL 2012-13"]
[Site "Hinckley ENG"]
[Date "2013.05.06"]
[Round "11.155"]
[White "Conquest, Stuart C"]
[Black "Bellon Lopez, Juan Manuel"]
[Result "1-0"]
[WhiteTitle "GM"]
[BlackTitle "GM"]
[WhiteElo "2487"]
[BlackElo "2404"]
[WhiteTeam "Guildford"]
[BlackTeam "Wood Green, Hilsmark Kingfisher"]
[WhiteFideId "400181"]
[BlackFideId "2200031"]
[EventDate "2012.11.03"]

1. e4 c5 2. f4 e6 3. Nf3 Nf6 4. Nc3 d5 5. e5 d4 6. exf6 dxc3 7. fxg7 cxd2+ 8.
Bxd2 Bxg7 9. c3 Bd7 10. Bd3 Bc6 11. Qe2 Qd5 12. f5 Nd7 13. fxe6 Qxe6 14. Qxe6+
fxe6 15. O-O-O O-O-O 16. Bg5 Rde8 17. Rhe1 Bd5 18. Bb5 c4 19. Nd4 Bxd4 20. Rxd4
Rhg8 21. h4 a6 22. Bxc4 Bxg2 23. Bxe6 Bh3 24. Bxh3 1-0

[Event "4NCL 2012-13"]
[Site "Hinckley ENG"]
[Date "2013.05.06"]
[Round "11.156"]
[White "Arakhamia-Grant, Ketevan"]
[Black "Kosten, Anthony C."]
[Result "1-0"]
[WhiteTitle "GM"]
[BlackTitle "GM"]
[WhiteElo "2414"]
[BlackElo "2479"]
[WhiteTeam "Wood Green, Hilsmark Kingfisher"]
[BlackTeam "Guildford"]
[WhiteFideId "13600168"]
[BlackFideId "400114"]
[EventDate "2012.11.03"]

1. e4 e5 2. Nf3 Nc6 3. Bb5 Nf6 4. d3 Bc5 5. c3 O-O 6. O-O d6 7. Nbd2 a6 8. Ba4
Ba7 9. h3 Ne7 10. Re1 Ng6 11. d4 b5 12. Bc2 Bb7 13. b3 Re8 14. Bb2 Nh5 15. Bd3
Nhf4 16. Bf1 exd4 17. cxd4 d5 18. e5 c5 19. g3 Ne6 20. h4 cxd4 21. b4 f6 22.
exf6 Qxf6 23. Nb3 Rf8 24. Bg2 Rae8 25. Qd2 Qf5 26. Nbxd4 Nxd4 27. Bxd4 Bxd4 28.
Nxd4 Qg4 29. Rxe8 Rxe8 30. Rc1 h6 31. Rc7 Re7 32. Rxb7 Rxb7 33. Bxd5+ Rf7 34.
Nc6 Kf8 35. Bxf7 Kxf7 36. Qd5+ Ke8 37. Qd8+ Kf7 38. Qd5+ Ke8 39. h5 Nf4 1-0

[Event "4NCL 2012-13"]
[Site "Hinckley ENG"]
[Date "2013.05.06"]
[Round "11.157"]
[White "Sarakauskas, Gediminas"]
[Black "Arvola, Benjamin"]
[Result "1/2-1/2"]
[WhiteTitle "IM"]
[BlackTitle "FM"]
[WhiteElo "2408"]
[BlackElo "2347"]
[WhiteTeam "Guildford"]
[BlackTeam "Wood Green, Hilsmark Kingfisher 2"]
[WhiteFideId "12800724"]
[BlackFideId "1506536"]
[EventDate "2012.11.03"]

1. e4 c5 2. c3 d6 3. g3 d5 4. d3 Nc6 5. Bg2 Nf6 6. Nd2 Ne5 7. Ndf3 Bg4 8. Qa4+
Bd7 9. Qc2 Nxd3+ 10. Qxd3 dxe4 11. Qc4 exf3 12. Nxf3 b5 13. Qxc5 e6 14. Qd4 Bc6
15. O-O Be7 16. Qxd8+ Rxd8 17. Nd4 Bxg2 18. Kxg2 Rd5 19. Nc6 Kd7 20. Nxe7 Kxe7
21. a4 a6 22. axb5 axb5 23. Ra7+ Rd7 24. Ra5 Rb8 25. Be3 Ne4 26. f3 Nd2 27. Bxd2
Rxd2+ 28. Rf2 Rd7 29. Re2 1/2-1/2

[Event "4NCL 2012-13"]
[Site "Hinckley ENG"]
[Date "2013.05.06"]
[Round "11.158"]
[White "Hegarty, Sarah N"]
[Black "Ciuksyte, Dagne"]
[Result "0-1"]
[WhiteTitle "WFM"]
[BlackTitle "IM"]
[WhiteElo "2133"]
[BlackElo "2354"]
[WhiteTeam "Wood Green, Hilsmark Kingfisher"]
[BlackTeam "Guildford 2"]
[WhiteFideId "2501465"]
[BlackFideId "12800619"]
[EventDate "2012.11.03"]

1. e4 c5 2. Nf3 e6 3. d4 cxd4 4. Nxd4 a6 5. Bd3 Nf6 6. O-O d6 7. c4 g6 8. Be3
Bg7 9. Nc3 O-O 10. h3 b6 11. f4 Bb7 12. f5 gxf5 13. exf5 e5 14. Nde2 Nbd7 15.
Rc1 Kh8 16. Ng3 Rg8 17. Nge4 Nc5 18. Ng5 Qd7 19. Bb1 h6 20. h4 hxg5 21. hxg5 Bh6
22. Rf3 Bxf3 23. Qxf3 Bxg5 24. Bxg5 Rxg5 25. Qxa8+ Kg7 26. Rd1 b5 27. b4 Na4 28.
Nxa4 bxa4 29. Qxa6 e4 30. Rxd6 Qxf5 31. Rxf6 Qxf6 32. Qxf6+ Kxf6 33. Bxe4 Rg4
34. Bd5 Rd4 35. b5 Rd2 36. b6 Rxa2 37. b7 Rb2 38. c5 Ke5 39. c6 Kd6 40. Bxf7
Kxc6 41. g4 Rxb7 0-1